Explaining China's Low Consumption : The Neglected Role of Household Income /

The Chinese government has recently focused on the need to increase consumption to rebalance the economy. A widely held view is that despite China's remarkably high growth, the share of consumption in total expenditure has been low and declining due to high and rising saving rate of Chinese hou...

Deskribapen osoa

Xehetasun bibliografikoak
Egile nagusia: Aziz, Jahangir
Beste egile batzuk: Cui, Li
Formatua: Aldizkaria
Hizkuntza:English
Argitaratua: Washington, D.C. : International Monetary Fund, 2007.
Saila:IMF Working Papers; Working Paper ; No. 2007/181
Sarrera elektronikoa:Full text available on IMF
LEADER 01991cas a2200253 a 4500
001 AALejournalIMF009339
008 230101c9999 xx r poo 0 0eng d
020 |c 5.00 USD 
020 |z 9781451867459 
022 |a 1018-5941 
040 |a BD-DhAAL  |c BD-DhAAL 
100 1 |a Aziz, Jahangir. 
245 1 0 |a Explaining China's Low Consumption :   |b The Neglected Role of Household Income /  |c Jahangir Aziz, Li Cui. 
264 1 |a Washington, D.C. :  |b International Monetary Fund,  |c 2007. 
300 |a 1 online resource (36 pages) 
490 1 |a IMF Working Papers 
500 |a <strong>Off-Campus Access:</strong> No User ID or Password Required 
500 |a <strong>On-Campus Access:</strong> No User ID or Password Required 
506 |a Electronic access restricted to authorized BRAC University faculty, staff and students 
520 3 |a The Chinese government has recently focused on the need to increase consumption to rebalance the economy. A widely held view is that despite China's remarkably high growth, the share of consumption in total expenditure has been low and declining due to high and rising saving rate of Chinese households as uncertainty over provision of pensions, and healthcare and education costs have increased since the mid-1990s. This paper finds that the rise in saving rate has been a minor factor. Much larger has been the role of the declining share of household income in national income, which has occurred across-the-board in wages, investment income, and government transfers. The paper finds that financial sector weaknesses, by restricting firms' access to bank financing for working capital, have played quantitatively a major role in keeping wage and investment income shares low and on a declining trend. 
538 |a Mode of access: Internet 
700 1 |a Cui, Li. 
830 0 |a IMF Working Papers; Working Paper ;  |v No. 2007/181 
856 4 0 |z Full text available on IMF  |u http://elibrary.imf.org/view/journals/001/2007/181/001.2007.issue-181-en.xml  |z IMF e-Library